[Event "CZE-chT 2122"]
[Site "Czech Republic"]
[Date "2022.01.29"]
[Round "7.6"]
[White "Korobov, Anton"]
[Black "Kociscak, Jiri"]
[Result "1-0"]
[WhiteElo "2690"]
[BlackElo "2484"]
[PlyCount "55"]
[EventDate "2021.10.15"]
[EventType "team-tourn"]
[EventRounds "15"]
[EventCountry "CZE"]
[SourceTitle "EXT 2023"]
[Source "ChessBase"]
[SourceDate "2022.10.05"]
[SourceVersion "1"]
[SourceVersionDate "2022.10.05"]
[SourceQuality "1"]
[WhiteTeam "Frydek Mistek"]
[BlackTeam "Ostrava Labortech"]
[WhiteTeamCountry "CZE"]
[BlackTeamCountry "CZE"]

1. c4 e6 2. Nf3 d5 3. g3 c5 4. Bg2 d4 5. 0-0 Nc6 6. e3 Nf6 7. exd4 cxd4 8. d3 Be7 9. Re1 Nd7 10. Na3 0-0 11. Nc2 Qb6 12. b4 Nxb4 13. Nfxd4 Bf6 14. Be3 Nxc2 15. Nxc2 Qa5 16. Rb1 Qxa2 17. c5 Ne5 18. Nb4 Qa3 19. f4 Ng6 20. d4 Ne7 21. Bf2 Rd8 22. c6 bxc6 23. Nxc6 Rd5 24. Nxe7+ Bxe7 25. Qb3 Qxb3 26. Rxb3 Kf8 27. Bxd5 exd5 28. Rbe3 1-0

[Event "CZE-chT 2122"]
[Site "Czech Republic"]
[Date "2021.11.07"]
[Round "4.3"]
[White "Kociscak, Jiri"]
[Black "Sahidi, Samir"]
[Result "1-0"]
[WhiteElo "2484"]
[BlackElo "2436"]
[PlyCount "119"]
[EventDate "2021.10.15"]
[EventType "team-tourn"]
[EventRounds "15"]
[EventCountry "CZE"]
[SourceTitle "EXT 2023"]
[Source "ChessBase"]
[SourceDate "2022.10.05"]
[SourceVersion "1"]
[SourceVersionDate "2022.10.05"]
[SourceQuality "1"]
[WhiteTeam "Ostrava Labortech"]
[BlackTeam "Praha Dopravni Podnik"]
[WhiteTeamCountry "CZE"]
[BlackTeamCountry "CZE"]

1. d4 Nf6 2. c4 e6 3. g3 d5 4. Nf3 Be7 5. Bg2 0-0 6. Qc2 c6 7. 0-0 b6 8. Rd1 Ba6 9. Ne5 Nfd7 10. cxd5 cxd5 11. e4 Nxe5 12. exd5 Nd3 13. d6 Qxd6 14. Bxa8 Nb4 15. Qa4 b5 16. Qb3 N8c6 17. Bf4 Qd7 18. Bxc6 Qxc6 19. Rc1 Qb6 20. Nc3 Qxd4 21. Rd1 Nd3 22. Be3 Qc4 23. Nd5 exd5 24. Qxd3 Qg4 25. Qd4 Qf3 26. Qxd5 Qf6 27. Bd4 Qg6 28. Re1 Bb4 29. Bc3 Bxc3 30. bxc3 Qb6 31. Re7 Bc8 32. Rae1 Be6 33. Qd4 Qxd4 34. cxd4 a5 35. Re5 Bxa2 36. Rxb5 a4 37. Ra7 Bb3 38. Rba5 Re8 39. Ra8 Kf8 40. Rxe8+ Kxe8 41. Ra7 Kd8 42. Kf1 Kc8 43. Ke2 Kb8 44. Ra5 Kc7 45. Kd2 Kd6 46. Kc3 h6 47. Rb5 Be6 48. Rb6+ Kc7 49. Ra6 Bb3 50. Kb4 Kb7 51. Rxa4 Bxa4 52. Kxa4 Kc6 53. Kb4 Kd5 54. Kc3 f5 55. Kd3 g5 56. f3 h5 57. Kc3 h4 58. gxh4 gxh4 59. h3 Kc6 60. Kc4 1-0

[Event "CZE-chT1E 1920"]
[Site "Czech Republic"]
[Date "2020.06.14"]
[Round "11.2"]
[White "Nosek, Jan"]
[Black "Kociscak, Jiri"]
[Result "0-1"]
[WhiteElo "1943"]
[BlackElo "2499"]
[PlyCount "48"]
[EventDate "2019.10.20"]
[EventType "team-tourn"]
[EventRounds "11"]
[EventCountry "CZE"]
[SourceTitle "EXT 2021"]
[Source "ChessBase"]
[SourceDate "2020.10.23"]
[SourceVersion "1"]
[SourceVersionDate "2020.10.23"]
[SourceQuality "1"]
[WhiteTeam "Rychnov nad Kneznou"]
[BlackTeam "Brno Moravska Slavia II"]
[WhiteTeamCountry "CZE"]
[BlackTeamCountry "CZE"]

1. d4 Nf6 2. g3 c5 3. Nf3 cxd4 4. Nxd4 d5 5. Bg2 e5 6. Nb3 h6 7. 0-0 Nc6 8. c4 d4 9. e3 d3 10. Nc3 Bg4 11. Bf3 Be6 12. Nd2 Qd7 13. b3 Rd8 14. a3 h5 15. h4 Ng4 16. b4 f5 17. b5 Ne7 18. e4 f4 19. Nd5 fxg3 20. fxg3 Nxd5 21. exd5 Bc5+ 22. Kh1 Ne3 23. Bxh5+ Ke7 24. Ne4 Bxd5 0-1

[Event "SVK-chT 1920"]
[Site "Slovakia"]
[Date "2020.03.01"]
[Round "8.2"]
[White "Antal, Gergely"]
[Black "Kociscak, Jiri"]
[Result "1-0"]
[WhiteElo "2562"]
[BlackElo "2510"]
[PlyCount "63"]
[EventDate "2019.10.19"]
[EventType "team-tourn"]
[EventRounds "11"]
[EventCountry "SVK"]
[SourceTitle "CBM 195 Extra"]
[Source "ChessBase"]
[SourceDate "2020.05.31"]
[SourceVersion "1"]
[SourceVersionDate "2020.05.31"]
[SourceQuality "1"]
[WhiteTeam "Bratislava Slovan"]
[BlackTeam "Zilina Mladost"]
[WhiteTeamCountry "SVK"]
[BlackTeamCountry "SVK"]

1. e4 e5 2. Nf3 Nc6 3. Bc4 Nf6 4. Ng5 d5 5. exd5 Na5 6. Bb5+ c6 7. dxc6 bxc6 8. Qf3 Be7 9. Bd3 0-0 10. Nc3 h6 11. Nge4 Nd5 12. Ng3 Nb4 13. Nf5 Bg5 14. h4 Nxd3+ 15. cxd3 Bf4 16. Nxg7 Kxg7 17. g3 h5 18. gxf4 Bg4 19. Rg1 Kh6 20. Qe3 exf4 21. Qxf4+ Kh7 22. f3 Qxh4+ 23. Kd1 Qf2 24. Rxg4 hxg4 25. Qxg4 f5 26. Qh5+ Kg7 27. b4 Rad8 28. Ne2 Rfe8 29. Bb2+ Kf8 30. Qxf5+ Ke7 31. Bf6+ Kd6 32. Nc3 1-0

[Event "CZE-chT1E 1920"]
[Site "Czech Republic"]
[Date "2020.02.02"]
[Round "7.5"]
[White "Chytilek, Roman"]
[Black "Kociscak, Jiri"]
[Result "0-1"]
[WhiteElo "2330"]
[BlackElo "2499"]
[PlyCount "124"]
[EventDate "2019.10.20"]
[EventType "team-tourn"]
[EventRounds "11"]
[EventCountry "CZE"]
[SourceTitle "CBM 194 Extra"]
[Source "ChessBase"]
[SourceDate "2020.03.31"]
[SourceVersion "1"]
[SourceVersionDate "2020.03.31"]
[SourceQuality "1"]
[WhiteTeam "Trinec"]
[BlackTeam "Brno Moravska Slavia II"]
[WhiteTeamCountry "CZE"]
[BlackTeamCountry "CZE"]

1. d4 d5 2. Nf3 e6 3. Nc3 f5 4. g4 fxg4 5. Ne5 Nf6 6. Bf4 Nc6 7. e3 Nxe5 8. Bxe5 Bd6 9. h3 g3 10. f4 Nd7 11. Bxd6 cxd6 12. Qh5+ g6 13. Qg4 Nf6 14. Qxg3 Bd7 15. Bd3 Qe7 16. 0-0-0 0-0-0 17. Rhe1 Rhf8 18. Qg5 Bc6 19. e4 dxe4 20. Nxe4 Qf7 21. Nxf6 Qxf6 22. Bc4 d5 23. Be2 Qxf4+ 24. Qxf4 Rxf4 25. Bg4 h5 26. Bxe6+ Kc7 27. Rf1 Rdf8 28. Rxf4 Rxf4 29. Rg1 Rf6 30. Bg8 Bd7 31. h4 Kd6 32. Kd2 Bg4 33. c4 Rf2+ 34. Kc3 Rf3+ 35. Kd2 dxc4 36. Bxc4 Rh3 37. Rf1 Bf5 38. Rf4 Rh2+ 39. Kc3 Rc2+ 40. Kb3 Rg2 41. Kc3 b6 42. a3 a5 43. Bf7 Rc2+ 44. Kb3 a4+ 45. Ka2 Rg2 46. Be8 Ke7 47. Bxa4 Rg4 48. Rf2 Rxd4 49. Re2+ Kd6 50. Be8 Rxh4 51. b4 g5 52. Rd2+ Ke5 53. Re2+ Kd4 54. a4 Bd3 55. Rg2 Rg4 56. Rf2 h4 57. a5 bxa5 58. bxa5 Re4 59. Bg6 Re2+ 60. Rxe2 Bxe2 61. Bf5 g4 62. a6 g3 0-1

[Event "CZE-chT 1920"]
[Site "Czech Republic"]
[Date "2020.01.26"]
[Round "6.4"]
[White "Michalik, Peter"]
[Black "Kociscak, Jiri"]
[Result "1-0"]
[WhiteElo "2578"]
[BlackElo "2499"]
[PlyCount "51"]
[EventDate "2019.10.12"]
[EventType "team-tourn"]
[EventRounds "11"]
[EventCountry "CZE"]
[SourceTitle "CBM 194 Extra"]
[Source "ChessBase"]
[SourceDate "2020.03.31"]
[SourceVersion "1"]
[SourceVersionDate "2020.03.31"]
[SourceQuality "1"]
[WhiteTeam "Unichess"]
[BlackTeam "Ostrava Labortech"]
[WhiteTeamCountry "CZE"]
[BlackTeamCountry "CZE"]

1. d4 f5 2. g3 Nf6 3. Bg2 e6 4. Nh3 Be7 5. 0-0 0-0 6. c4 d6 7. b3 Ne4 8. Bb2 Bf6 9. f3 Ng5 10. Nxg5 Bxg5 11. f4 Bf6 12. Nc3 Nc6 13. e3 Qe8 14. Rf2 a6 15. Rd2 Ne7 16. Qc2 Rb8 17. Re1 e5 18. dxe5 dxe5 19. Ba3 e4 20. g4 g6 21. g5 Bg7 22. Red1 Qf7 23. Rd7 Bxd7 24. Rxd7 Rfe8 25. Nd5 Rbd8 26. Rxc7 1-0

[Event "CZE-ch blitz"]
[Site "Prague"]
[Date "2019.12.21"]
[Round "13"]
[White "Kociscak, Jiri"]
[Black "Zwardon, Vojtech"]
[Result "1-0"]
[WhiteElo "2507"]
[BlackElo "2466"]
[PlyCount "83"]
[EventDate "2019.12.21"]
[EventType "swiss (blitz)"]
[EventRounds "15"]
[EventCountry "CZE"]
[SourceTitle "CBM 193 Extra"]
[Source "ChessBase"]
[SourceDate "2020.01.31"]
[SourceVersion "1"]
[SourceVersionDate "2020.01.31"]
[SourceQuality "1"]

1. d4 Nf6 2. Nf3 e6 3. c4 c5 4. d5 b5 5. dxe6 fxe6 6. cxb5 a6 7. bxa6 Bxa6 8. g3 Be7 9. Bg2 0-0 10. 0-0 Nc6 11. Nc3 d5 12. Re1 e5 13. Ng5 e4 14. Ne6 Qd7 15. Nf4 Rad8 16. Bh3 Qd6 17. Ncxd5 Nd4 18. Nxe7+ Qxe7 19. Qa4 Bb5 20. Qa5 g5 21. Ne6 Nxe6 22. Qxb5 Nd4 23. Qc4+ Qf7 24. Qxf7+ Kxf7 25. Rb1 g4 26. Bg2 Rd5 27. Bh6 Rfd8 28. Rbc1 Kg6 29. Be3 Ne6 30. h3 h5 31. a4 Kf5 32. a5 Ra8 33. Ra1 Rd6 34. Rec1 Rc6 35. b4 c4 36. b5 Rcc8 37. a6 Nd5 38. b6 Nxe3 39. fxe3 Rcb8 40. b7 Ra7 41. Rxc4 Rbxb7 42. Ra5+ 1-0

[Event "CZE-chT 1920"]
[Site "Czech Republic"]
[Date "2019.11.30"]
[Round "3.4"]
[White "Korobov, Anton"]
[Black "Kociscak, Jiri"]
[Result "1/2-1/2"]
[WhiteElo "2679"]
[BlackElo "2499"]
[PlyCount "79"]
[EventDate "2019.10.12"]
[EventType "team-tourn"]
[EventRounds "11"]
[EventCountry "CZE"]
[SourceTitle "CBM 193 Extra"]
[Source "ChessBase"]
[SourceDate "2020.01.31"]
[SourceVersion "1"]
[SourceVersionDate "2020.01.31"]
[SourceQuality "1"]
[WhiteTeam "Frydek Mistek"]
[BlackTeam "Ostrava Labortech"]
[WhiteTeamCountry "CZE"]
[BlackTeamCountry "CZE"]

1. d4 d5 2. c4 e6 3. Nc3 c5 4. e3 Nf6 5. Nf3 Nc6 6. a3 a6 7. b3 Bd6 8. Bb2 0-0 9. dxc5 Bxc5 10. Bd3 Ba7 11. 0-0 Qe7 12. cxd5 exd5 13. h3 Bd7 14. Ne2 Rad8 15. b4 Rfe8 16. Rc1 h6 17. Ned4 Bb8 18. Nxc6 Bxc6 19. Qb3 Ne4 20. Rfd1 Qc7 21. h4 Qd7 22. Bxe4 Rxe4 23. Rd4 Qe7 24. a4 Qe8 25. b5 axb5 26. axb5 Bxb5 27. Rxd5 Rxd5 28. Qxd5 Bc6 29. Qf5 Bd7 30. Qa5 Kh7 31. Rd1 f6 32. h5 Be5 33. Bxe5 fxe5 34. Qc7 Bg4 35. Rd8 Qxh5 36. Nd2 Rb4 37. Qb8 Be6 38. Rh8+ Kg6 39. Rf8 Rb1+ 40. Nxb1 1/2-1/2

[Event "CZE-chT1E 1920"]
[Site "Czech Republic"]
[Date "2019.11.10"]
[Round "2.2"]
[White "Roubalik, Jakub"]
[Black "Kociscak, Jiri"]
[Result "1-0"]
[WhiteElo "2410"]
[BlackElo "2499"]
[PlyCount "63"]
[EventDate "2019.10.20"]
[EventType "team-tourn"]
[EventRounds "11"]
[EventCountry "CZE"]
[SourceTitle "CBM 193 Extra"]
[Source "ChessBase"]
[SourceDate "2020.01.31"]
[SourceVersion "1"]
[SourceVersionDate "2020.01.31"]
[SourceQuality "1"]
[WhiteTeam "Hostalkova"]
[BlackTeam "Brno Moravska Slavia II"]
[WhiteTeamCountry "CZE"]
[BlackTeamCountry "CZE"]

1. d4 Nf6 2. c4 c5 3. d5 b5 4. Qc2 Bb7 5. e4 e6 6. Nc3 b4 7. Nd1 d6 8. Bd3 g6 9. f4 Qe7 10. Ne2 Bg7 11. 0-0 0-0 12. Nf2 Re8 13. Bd2 exd5 14. exd5 Nfd7 15. Rae1 Qf8 16. Ne4 Nf6 17. f5 Nbd7 18. N2g3 Ng4 19. h3 Bd4+ 20. Kh1 Ngf6 21. Bf4 Nxe4 22. Nxe4 Be5 23. Bg5 f6 24. fxg6 hxg6 25. Nd2 f5 26. Nf3 Bg3 27. Rxe8 Rxe8 28. Bh4 Bxh4 29. Nxh4 Qf6 30. Nxg6 Qxg6 31. Bxf5 Qg7 32. Bxd7 1-0

[Event "AUT-chT2M 1920"]
[Site "Austria"]
[Date "2019.10.13"]
[Round "3.1"]
[White "Kociscak, Jiri"]
[Black "Heinemann, Thies"]
[Result "1/2-1/2"]
[WhiteElo "2510"]
[BlackElo "2501"]
[PlyCount "106"]
[EventDate "2019.10.11"]
[EventType "team-tourn"]
[EventRounds "11"]
[EventCountry "AUT"]
[SourceTitle "CBM 192 Extra"]
[Source "Chessbase"]
[SourceDate "2019.11.06"]
[SourceVersion "1"]
[SourceVersionDate "2019.11.06"]
[SourceQuality "1"]
[WhiteTeam "Steyregg"]
[BlackTeam "Gleisdorf"]
[WhiteTeamCountry "AUT"]
[BlackTeamCountry "AUT"]

1. d4 Nf6 2. c4 e6 3. Nc3 Bb4 4. Qc2 c5 5. dxc5 0-0 6. Nf3 Na6 7. a3 Bxc3+ 8. Qxc3 Nxc5 9. e3 b6 10. Be2 Ba6 11. b4 Nce4 12. Qb3 d5 13. b5 Bb7 14. 0-0 Rc8 15. Bb2 dxc4 16. Bxc4 Nc5 17. Qa2 Na4 18. Bd4 Bxf3 19. gxf3 Qe7 20. Rac1 e5 21. Ba1 Rc7 22. Qc2 Nc5 23. Qf5 Nfd7 24. Bd5 g6 25. Qc2 Qg5+ 26. Kh1 Nf6 27. Bc6 Qh5 28. Rg1 Rxc6 29. bxc6 Qxf3+ 30. Rg2 Re8 31. c7 Qc6 32. Bd4 exd4 33. exd4 Nd5 34. Qd2 Nxc7 35. dxc5 bxc5 36. Re1 Ne6 37. Qe3 c4 38. Qe4 Qc5 39. Rc1 Qxa3 40. Qxc4 Qf3 41. Qc6 Qxc6 42. Rxc6 Nf4 43. Rg1 Re2 44. Rf1 a5 45. Rc4 Nd3 46. Kg2 Ra2 47. Rd4 Nc5 48. Rc1 Ne6 49. Rdc4 Kg7 50. R1c2 Ra3 51. R2c3 Ra2 52. Rc2 Ra1 53. Rc1 Ra2 1/2-1/2

[Event "AUT-chT2M 1920"]
[Site "Austria"]
[Date "2019.10.12"]
[Round "2.1"]
[White "Csonka, Balazs"]
[Black "Kociscak, Jiri"]
[Result "1/2-1/2"]
[WhiteElo "2481"]
[BlackElo "2510"]
[PlyCount "75"]
[EventDate "2019.10.11"]
[EventType "team-tourn"]
[EventRounds "11"]
[EventCountry "AUT"]
[SourceTitle "CBM 192 Extra"]
[Source "Chessbase"]
[SourceDate "2019.11.06"]
[SourceVersion "1"]
[SourceVersionDate "2019.11.06"]
[SourceQuality "1"]
[WhiteTeam "Graz Schachfreunde"]
[BlackTeam "Steyregg"]
[WhiteTeamCountry "AUT"]
[BlackTeamCountry "AUT"]

1. e4 e5 2. Nf3 Nc6 3. Bb5 a6 4. Ba4 Nf6 5. 0-0 Be7 6. d3 b5 7. Bb3 d6 8. a3 Be6 9. Bxe6 fxe6 10. Be3 d5 11. Nbd2 0-0 12. c3 h6 13. Qc2 Qe8 14. d4 Qg6 15. Rac1 Nxe4 16. Nxe5 Nxe5 17. dxe5 Qf5 18. Nxe4 dxe4 19. b4 Qxe5 20. Rce1 Bd6 21. g3 Qd5 22. Rd1 Qf5 23. Rde1 a5 24. Bd4 e5 25. Be3 Qg6 26. c4 axb4 27. axb4 bxc4 28. Qxc4+ Qf7 29. Qxe4 Ra4 30. Bd2 Bc5 31. Re2 Bd4 32. Kg2 c5 33. bxc5 Bxf2 34. Qc6 Ra6 35. Qe4 Rf6 36. Qxe5 Bxc5 37. Rxf6 Qxf6 38. Qxf6 1/2-1/2

[Event "Blansko"]
[Site "Blansko"]
[Date "2019.09.26"]
[Round "6"]
[White "Kociscak, Jiri"]
[Black "Diermair, Andreas"]
[Result "1-0"]
[WhiteElo "2499"]
[BlackElo "2479"]
[PlyCount "73"]
[EventDate "2019.09.21"]
[EventType "tourn"]
[EventRounds "9"]
[EventCountry "CZE"]
[EventCategory "8"]
[SourceTitle "EXT 2020"]
[Source "ChessBase"]
[SourceDate "2019.10.17"]
[SourceVersion "1"]
[SourceVersionDate "2019.10.17"]
[SourceQuality "1"]

1. d4 d5 2. c4 c6 3. Nc3 Nf6 4. Nf3 e6 5. e3 Nbd7 6. Qc2 Bd6 7. b3 0-0 8. Be2 b6 9. 0-0 Bb7 10. Bb2 Qe7 11. Rad1 Rad8 12. e4 Nxe4 13. Nxe4 dxe4 14. Qxe4 f5 15. Qh4 Qxh4 16. Nxh4 g5 17. Nf3 g4 18. Ne1 c5 19. Nc2 Nf6 20. Ne3 h5 21. dxc5 bxc5 22. f3 Nh7 23. Rd3 gxf3 24. gxf3 Kf7 25. Rfd1 Be7 26. Rd7 Bc6 27. Rc7 Rc8 28. Rxa7 Ra8 29. Rc7 Rxa2 30. Rd2 Ba8 31. f4 Rg8+ 32. Kf1 Rxb2 33. Bxh5+ Kf6 34. Rxb2 Nf8 35. Ra2 Rh8 36. Raa7 Rh7 37. Rxe7 1-0

[Event "Blansko"]
[Site "Blansko"]
[Date "2019.09.25"]
[Round "5"]
[White "Kociscak, Jiri"]
[Black "Kostolansky, Sebastian Lukas"]
[Result "1-0"]
[WhiteElo "2499"]
[BlackElo "2418"]
[PlyCount "103"]
[EventDate "2019.09.21"]
[EventType "tourn"]
[EventRounds "9"]
[EventCountry "CZE"]
[EventCategory "8"]
[SourceTitle "EXT 2020"]
[Source "ChessBase"]
[SourceDate "2019.10.17"]
[SourceVersion "1"]
[SourceVersionDate "2019.10.17"]
[SourceQuality "1"]

1. d4 Nf6 2. c4 g6 3. Nc3 Bg7 4. Nf3 0-0 5. e4 d6 6. h3 e5 7. d5 c6 8. Be2 cxd5 9. cxd5 Nbd7 10. Bg5 a5 11. 0-0 Nc5 12. Nd2 a4 13. b4 axb3 14. axb3 Bd7 15. b4 Na6 16. Qb3 Qb8 17. Bb5 Qe8 18. Nc4 Bxb5 19. Nxd6 Qe7 20. Ncxb5 Rfd8 21. Nc4 Qxb4 22. Qxb4 Nxb4 23. Rab1 Nd3 24. Rfd1 Nc5 25. f3 h6 26. Bh4 Ra4 27. Nxe5 g5 28. Bf2 Nh5 29. Ng4 Nd7 30. Nd6 Nf4 31. Kf1 b6 32. Nf5 h5 33. Ngh6+ Bxh6 34. Nxh6+ Kf8 35. Nf5 Ra2 36. Ra1 Rda8 37. Bd4 Nxg2 38. Rxa2 Rxa2 39. Rc1 f6 40. Rc7 Ke8 41. Rc8+ Kf7 42. Rh8 Ne5 43. Rh7+ Kf8 44. d6 Nf4 45. Bxe5 fxe5 46. d7 Ra1+ 47. Kf2 Ra2+ 48. Ke1 Nd3+ 49. Kd1 Nf2+ 50. Kc1 Nd3+ 51. Kb1 Rb2+ 52. Ka1 1-0

[Event "CZE-ch"]
[Site "Ostrava"]
[Date "2019.05.02"]
[Round "6"]
[White "Zeman, Matyas"]
[Black "Kociscak, Jiri"]
[Result "0-1"]
[WhiteElo "2244"]
[BlackElo "2496"]
[PlyCount "62"]
[EventDate "2019.04.27"]
[EventType "swiss"]
[EventRounds "9"]
[EventCountry "CZE"]
[SourceTitle "CBM 190 Extra"]
[Source "ChessBase"]
[SourceDate "2019.07.15"]
[SourceVersion "1"]
[SourceVersionDate "2019.07.15"]
[SourceQuality "1"]

1. e4 e5 2. Nf3 Nc6 3. Bc4 Nf6 4. d3 Be7 5. 0-0 0-0 6. Re1 d6 7. a4 h6 8. a5 Be6 9. Bxe6 fxe6 10. c3 Qd7 11. b4 a6 12. Qb3 d5 13. Nbd2 Bd6 14. Bb2 Qf7 15. b5 Ne7 16. c4 Ng6 17. cxd5 exd5 18. d4 Nxe4 19. Nxe4 dxe4 20. Qxf7+ Rxf7 21. Rxe4 Rf4 22. Re2 e4 23. bxa6 exf3 24. axb7 Rb8 25. Re6 Rxb7 26. a6 Rxb2 27. Re8+ Kh7 28. a7 fxg2 29. a8Q Rfxf2 30. Qd5 Rf1+ 31. Rxf1 Bxh2+ 0-1

[Event "CZE-chT2D 1819"]
[Site "Czech Republic"]
[Date "2019.02.24"]
[Round "9.1"]
[White "Jacko, Vladimir1111"]
[Black "Kociscak, Jiri"]
[Result "0-1"]
[WhiteElo "2324"]
[BlackElo "2486"]
[PlyCount "88"]
[EventDate "2018.10.14"]
[EventType "team-tourn"]
[EventRounds "11"]
[EventCountry "CZE"]
[SourceTitle "EXT 2022"]
[Source "ChessBase"]
[SourceDate "2021.10.06"]
[SourceVersion "1"]
[SourceVersionDate "2021.10.06"]
[SourceQuality "1"]
[WhiteTeam "Orechov"]
[BlackTeam "Brno Moravska Slavia II"]
[WhiteTeamCountry "CZE"]
[BlackTeamCountry "CZE"]

1. d4 d5 2. Nf3 e6 3. e3 c5 4. b3 Nf6 5. Bd3 Nc6 6. 0-0 Qc7 7. c4 Be7 8. Bb2 0-0 9. Nbd2 Rd8 10. Rc1 dxc4 11. Nxc4 Nb4 12. Bb1 b6 13. a3 Nbd5 14. Qc2 Bb7 15. dxc5 Qxc5 16. b4 Qb5 17. Nd4 Qe8 18. Ne2 Rac8 19. Qb3 Nc7 20. Ng3 Nb5 21. a4 Nd6 22. Nxd6 Rxd6 23. e4 Rd2 24. Bc3 Rdd8 25. h4 Rd7 26. h5 Rdc7 27. h6 g6 28. Bd2 Rxc1 29. Bxc1 Qc6 30. Bb2 Qc4 31. Qf3 Ne8 32. b5 Qxa4 33. Bd3 Qb3 34. Be5 Rd8 35. Rd1 f5 36. Qe2 fxe4 37. Bc2 Rxd1+ 38. Qxd1 Qd5 39. Qa1 e3 40. f3 e2 41. Nxe2 Qc5+ 42. Qd4 Qxc2 43. Qd7 Kf7 44. Nf4 Qc5+ 0-1

[Event "SVK-chT 1819"]
[Site "Slovakia"]
[Date "2019.02.16"]
[Round "5.3"]
[White "Kociscak, Jiri"]
[Black "Nemeth, Miklos"]
[Result "0-1"]
[WhiteElo "2487"]
[BlackElo "2486"]
[PlyCount "108"]
[EventDate "2018.11.10"]
[EventType "team-tourn"]
[EventRounds "11"]
[EventCountry "SVK"]
[SourceTitle "CBM 188 Extra"]
[Source "ChessBase"]
[SourceDate "2019.02.26"]
[SourceVersion "1"]
[SourceVersionDate "2019.02.26"]
[SourceQuality "1"]
[WhiteTeam "Zilina Mladost"]
[BlackTeam "Dunajska Streda"]
[WhiteTeamCountry "SVK"]
[BlackTeamCountry "SVK"]

1. d4 Nf6 2. c4 e6 3. g3 d5 4. Nf3 Bb4+ 5. Bd2 Be7 6. Bg2 0-0 7. 0-0 c6 8. Qc2 Nbd7 9. Bf4 b6 10. Ne5 Nxe5 11. dxe5 Nd7 12. Rd1 g5 13. Be3 Nxe5 14. cxd5 cxd5 15. Bd4 Ng6 16. Bc3 Qc7 17. e4 dxe4 18. Qxe4 Rb8 19. Qe3 e5 20. Nd2 Bg4 21. Nf3 f6 22. h3 Bc5 23. Qe2 Be6 24. Nh2 Rbd8 25. Ng4 Kg7 26. Be4 Rxd1+ 27. Rxd1 Rd8 28. Rc1 Qf7 29. a3 Bd4 30. Bxd4 exd4 31. Bd3 Bxg4 32. hxg4 Ne5 33. Rd1 Qd5 34. Be4 Qb3 35. Bd3 Re8 36. Rd2 Qd5 37. Be4 Qd6 38. Kg2 Rd8 39. Bd3 Qc6+ 40. Be4 Qd7 41. Bf5 Qd5+ 42. Be4 Qc4 43. Bd3 Qc5 44. Rd1 Rd7 45. b4 Qd5+ 46. Be4 Qb3 47. Rh1 h6 48. Bf5 Qd5+ 49. Be4 d3 50. Qe3 Qd4 51. Bf5 Qxe3 52. fxe3 Rc7 53. Rd1 Rc3 54. a4 Kf8 0-1

[Event "CZE-chT2D 1819"]
[Site "Czech Republic"]
[Date "2019.01.27"]
[Round "7.2"]
[White "Kociscak, Jiri"]
[Black "Ramik, Zdenek"]
[Result "1-0"]
[WhiteElo "2486"]
[BlackElo "2172"]
[PlyCount "129"]
[EventDate "2018.10.14"]
[EventType "team-tourn"]
[EventRounds "11"]
[EventCountry "CZE"]
[SourceTitle "EXT 2022"]
[Source "ChessBase"]
[SourceDate "2021.10.06"]
[SourceVersion "1"]
[SourceVersionDate "2021.10.06"]
[SourceQuality "1"]
[WhiteTeam "Brno Moravska Slavia II"]
[BlackTeam "Brno Lokomotiva"]
[WhiteTeamCountry "CZE"]
[BlackTeamCountry "CZE"]

1. d4 Nf6 2. c4 e6 3. Nf3 b6 4. Bf4 Bb7 5. e3 Bb4+ 6. Nfd2 0-0 7. a3 Be7 8. Nc3 d5 9. Nb5 Na6 10. Rc1 c6 11. Nc3 c5 12. Bd3 cxd4 13. exd4 dxc4 14. Nxc4 Nc7 15. 0-0 Ncd5 16. Be5 Rc8 17. Nb5 Qd7 18. Nbd6 Rc6 19. Nxb7 Qxb7 20. Qb3 Qc8 21. Qa4 Qa8 22. Ne3 Rxc1 23. Rxc1 Rc8 24. Rxc8+ Qxc8 25. Nxd5 Nxd5 26. h3 f6 27. Bg3 Kf7 28. Qxa7 Qc1+ 29. Kh2 Qxb2 30. Qd7 Qxd4 31. Bb5 g5 32. Be2 f5 33. Bh5+ Kg7 34. Bd6 Kh6 35. Bxe7 Qf4+ 36. Kg1 Qc1+ 37. Bd1 Nxe7 38. Qxe7 Qxd1+ 39. Kh2 Qd5 40. Qf6+ Kh5 41. Qg7 g4 42. h4 Qd2 43. Qxh7+ Qh6 44. Qxh6+ Kxh6 45. g3 e5 46. Kg2 f4 47. Kf1 Kg6 48. a4 Kf5 49. Ke2 Ke4 50. h5 Kf5 51. h6 Kg6 52. Kd3 Kxh6 53. Ke4 Kg6 54. Kxe5 fxg3 55. fxg3 Kg5 56. Ke4 Kf6 57. Kf4 Ke6 58. Kxg4 Kd5 59. Kf5 Kc4 60. g4 Kb3 61. g5 Kxa4 62. g6 b5 63. g7 b4 64. g8Q b3 65. Qh8 1-0

[Event "SVK-chT 1819"]
[Site "Slovakia"]
[Date "2018.12.08"]
[Round "3.6"]
[White "Miton, Kamil"]
[Black "Kociscak, Jiri"]
[Result "1/2-1/2"]
[WhiteElo "2590"]
[BlackElo "2487"]
[PlyCount "63"]
[EventDate "2018.11.10"]
[EventType "team-tourn"]
[EventRounds "11"]
[EventCountry "SVK"]
[SourceTitle "CBM 187 Extra"]
[Source "ChessBase"]
[SourceDate "2018.11.04"]
[SourceVersion "1"]
[SourceVersionDate "2018.11.04"]
[SourceQuality "1"]
[WhiteTeam "Dunajov Inbest"]
[BlackTeam "Zilina Mladost"]
[WhiteTeamCountry "SVK"]
[BlackTeamCountry "SVK"]

1. e4 e5 2. Nf3 Nc6 3. Nc3 Nf6 4. Bb5 Bd6 5. d3 0-0 6. 0-0 h6 7. a3 Re8 8. Be3 Bf8 9. Nd5 d6 10. c4 Nd7 11. b4 Ne7 12. Ba4 Ng6 13. Nc3 c6 14. h3 Nf6 15. b5 Bd7 16. bxc6 bxc6 17. c5 Qa5 18. Rc1 d5 19. exd5 cxd5 20. Bxd7 Nxd7 21. d4 exd4 22. Nxd4 Rac8 23. Nxd5 Nxc5 24. Qg4 Qa4 25. Nf5 Qxg4 26. hxg4 Red8 27. Rfd1 Ne6 28. Rxc8 Rxc8 29. Bxa7 Bxa3 30. Be3 Rc2 31. Ra1 Bc5 32. Rc1 1/2-1/2